000 00798aam a2200241 i 4500
001 189350
003 SpMaBN
005 20260525062938.0
008 190524s1948 ag |||| | spa d
080 _a808.1:82-22(02)"15"
080 _a821.134.2-23"15"
100 1 _aVega, Lope de,
_d1562-1635
_9113563
245 1 0 _aArte nuevo de hacer comedias
_b; La discreta enamorada /
_cLope de Vega.
250 _a1ª ed. popular para la Colección Austral.
260 _aBuenos Aires :
_bEspasa-Calpe,
_c1948.
300 _a161 p. ;
_c18 cm.
490 1 _aColección Austral ;
_v842
650 7 _aComedia-
_xTeoría y técnica-
_vObras anteriores a 1800.
_9167121
740 3 2 _aLa discreta enamorada.
830 0 _aColección austral
_v842
_9177655
852 _aES-MaACL
_jL-32349
999 _c189350
_d189350